000 00651nam a22002177a 4500
003 OSt
005 20251024051703.0
008 251022b |||||||| |||| 00| 0 eng d
020 _a1-4128-05-71-6.
040 _aDWCL-Main lib
_cOC
082 _aCirc. 322.2 T763 2006
245 _aTrade unions and democracy :
_bstrategies and perspectives
260 _aN. J. :
_bTransaction Pub.,
_cc2006.
300 _ax, 422 pages ;
_c22 cm.
504 _ainclude reference and index.
504 _aIncludes index.
650 _21. Democracy.
650 _22. Labor unions-Political activity.
651 _23. Labor unions.
942 _2ddc
_cBK-CIRC
_kCirc.
_n0
999 _c4998
_d4998